[Event "Reykjavik (open)"]
[Site "?"]
[Date "2004.??.??"]
[Round "?"]
[White "Rogers, I."]
[Black "Atalik, S."]
[Result "1/2-1/2"]
[WhiteElo "2580"]
[BlackElo "2550"]
[PlyCount "61"]
[EventDate "2004.??.??"]
[Source "Chess Informant"]
[SourceDate "2004.06.01"]

1. e4 e5 2. Nc3 Nf6 3. f4 d5 4. fxe5 Nxe4 5. d3 Nxc3 6. bxc3 d4 7. Nf3 Nc6 8. Be2 Be7 9. O-O O-O 10. Bb2 Bc5 11. Kh1 Re8 12. cxd4 Bxd4 13. Nxd4 Nxd4 14. Bh5 g6 15. Qd2 c5 16. Bf3 Rxe5 17. Rab1 Be6 18. Bxd4 cxd4 19. Rxb7 Qa5 20. Qf2 Rd8 21. Qh4 Bxa2 22. Rxa7 Qxa7 23. Qxd8+ Kg7 24. h3 Qc5 25. Be4 Re7 26. Ra1 Ra7 27. Qb8 Qc3 28. Rf1 Ra5 29. Qd8 Be6 30. Qf6+ Kg8 31. Qd8+ 1/2-1/2

[Event "Spring Open"]
[Site "Budapest HUN"]
[Date "1993.??.??"]
[Round "2"]
[White "Horvath, Tamas"]
[Black "Ibragimov, Ildar"]
[Result "0-1"]
[WhiteElo "2440"]
[BlackElo "2540"]
[PlyCount "84"]
[EventDate "1993.??.??"]
[Source "www.chesslib.no"]
[SourceDate "2004.05.04"]

1. e4 e5 2. Nc3 Nf6 3. f4 d5 4. fxe5 Nxe4 5. d3 Nxc3 6. bxc3 d4 7. Nf3 c5 8. Be2 Nc6 9. O-O Be7 10. Qe1 O-O 11. Qg3 dxc3 12. Bh6 g6 13. Bxf8 Bxf8 14. Qf4 Be6 15. Ng5 Bh6 16. Nxe6 Bxf4 17. Nxd8 Be3+ 18. Kh1 Rxd8 19. Rf6 Nxe5 20. Raf1 Rd4 21. Rb1 b6 22. a3 Kg7 23. Rff1 Ra4 24. Rb3 Bd2 25. Bf3 Nxd3 26. cxd3 c2 27. Bc6 Rf4 28. Rbb1 cxb1=Q 29. Rxb1 Bc3 30. h3 Rf2 31. a4 h5 32. Kg1 Rd2 33. Bb5 f5 34. Bc4 Kf6 35. Rf1 g5 36. Kh1 g4 37. hxg4 hxg4 38. Bb5 Kg5 39. Bd7 f4 40. Bb5 Re2 41. d4 Re6 42. dxc5 Rh6+ 0-1

[Event "URS-ch47"]
[Site "Minsk"]
[Date "1979.??.??"]
[Round "?"]
[White "Makarichev, Sergey"]
[Black "Razuvaev, Yuri S"]
[Result "1/2-1/2"]
[WhiteElo "2500"]
[BlackElo "2470"]
[PlyCount "25"]
[EventDate "1979.12.??"]
[Source "ChessBase"]

1. e4 e5 2. Nc3 Nf6 3. f4 d5 4. fxe5 Nxe4 5. d3 Bb4 6. dxe4 Qh4+ 7. Ke2 Bxc3 8. bxc3 Bg4+ 9. Nf3 dxe4 10. Qd4 Bh5 11. Ke3 exf3 12. gxf3 Qe1+ 13. Kf4 1/2-1/2

[Event "FRA-chT 9900"]
[Site "France"]
[Date "2000.04.29"]
[Round "8.5"]
[White "Miralles, Gilles"]
[Black "Chabanon, Jean Luc"]
[Result "1/2-1/2"]
[WhiteElo "2490"]
[BlackElo "2440"]
[PlyCount "40"]
[EventDate "2000.02.04"]
[Source "www.chesslib.no"]
[SourceDate "2004.05.04"]

1. e4 e5 2. Nc3 Nf6 3. f4 d5 4. fxe5 Nxe4 5. d3 Nxc3 6. bxc3 Nc6 7. Nf3 d4 8. Be2 dxc3 9. O-O Bc5+ 10. Kh1 O-O 11. Qe1 Nd4 12. Bd1 b6 13. Qxc3 Bg4 14. Bb2 Ne6 15. Qc4 Bh5 16. d4 b5 17. Qd3 Bb6 18. c4 Bg6 19. Qc3 bxc4 20. Qxc4 Be4 1/2-1/2

[Event "After GP Mladi"]
[Site "Olomouc"]
[Date "1997.??.??"]
[Round "2"]
[White "Biolek, Richard"]
[Black "Mokry, Karel"]
[Result "0-1"]
[WhiteElo "2410"]
[BlackElo "2500"]
[PlyCount "52"]
[EventDate "1997.08.05"]
[Source "ChessBase"]
[SourceDate "1997.11.23"]

1. e4 e5 2. Nc3 Nf6 3. f4 d5 4. fxe5 Nxe4 5. d3 Nxc3 6. bxc3 Nc6 7. Nf3 d4 8. cxd4 Bb4+ 9. Bd2 Bxd2+ 10. Qxd2 Nxd4 11. c3 Nxf3+ 12. gxf3 f6 13. f4 fxe5 14. fxe5 O-O 15. O-O-O Qe7 16. d4 c5 17. Bc4+ Kh8 18. e6 cxd4 19. Rhe1 Rf6 20. Qe2 dxc3 21. Kc2 Bxe6 22. Bxe6 Qa3 23. Rb1 Rd8 24. Red1 Rxd1 25. Rxd1 Qb2+ 26. Kd3 Qxe2+ 0-1

[Event "CUB Ch men B"]
[Site "?"]
[Date "2005.04.15"]
[Round "8"]
[White "Otero Diasmany"]
[Black "Gonzalez Yuri"]
[Result "1/2-1/2"]
[WhiteElo "2400"]
[BlackElo "2482"]
[PlyCount "92"]
[EventDate "2005.??.??"]
[Source "www.chesslib.no"]
[SourceDate "2004.05.04"]

1. e4 e5 2. Nc3 Nf6 3. f4 d5 4. fxe5 Nxe4 5. d3 Nxc3 6. bxc3 Nc6 7. Nf3 d4 8. Be2 Bc5 9. O-O dxc3+ 10. Kh1 O-O 11. Qe1 Nd4 12. Bd1 Re8 13. Qxc3 Nxf3 14. Qxc5 Nxe5 15. Bf4 f6 16. d4 Ng6 17. Bxc7 Qe7 18. Bf3 Qxc5 19. dxc5 Ne7 20. Rfe1 Kf7 21. Rab1 Nc6 22. Bd5+ Be6 23. Rxe6 Rxe6 24. Rxb7 Rae8 25. Bd6+ Kg6 26. Bxe6 Rxe6 27. h3 Re1+ 28. Kh2 Re2 29. Bf8 h5 30. Rxg7+ Kf5 31. Rh7 Rxc2 32. Rxh5+ Kg6 33. Rd5 Kf7 34. Bh6 Rxa2 35. h4 Ne7 36. Rd2 Ra4 37. g3 Nf5 38. Bf4 Rc4 39. Rd7+ Kg6 40. Bd6 Nxd6 41. cxd6 Rd4 42. Kh3 f5 43. Rd8 a5 44. h5+ Kg7 45. Ra8 Rxd6 46. Kh4 Rd4+ 1/2-1/2

[Event "Corr"]
[Site "?"]
[Date "2000.05.20"]
[Round "?"]
[White "Toth Gyula"]
[Black "Rodin Efim Grigorevich (R"]
[Result "0-1"]
[WhiteElo "2447"]
[BlackElo "2429"]
[PlyCount "74"]
[EventDate "2000.??.??"]
[Source "www.chesslib.no"]
[SourceDate "2004.05.04"]

1. e4 e5 2. Nc3 Nf6 3. f4 d5 4. fxe5 Nxe4 5. d3 Nxc3 6. bxc3 d4 7. Nf3 Nc6 8. cxd4 Bb4+ 9. Bd2 Bxd2+ 10. Qxd2 Nxd4 11. c3 Nxf3+ 12. gxf3 Qd5 13. Qe3 Bf5 14. Rg1 O-O 15. f4 f6 16. d4 c6 17. Bg2 Qe6 18. Qg3 Rf7 19. Bf3 fxe5 20. fxe5 Raf8 21. Bd1 Be4 22. h4 c5 23. Be2 cxd4 24. cxd4 Qb6 25. Qc3 Bd5 26. Rd1 Bxa2 27. h5 Bd5 28. Rg3 a6 29. Qe3 Kh8 30. Rg1 a5 31. Rd2 a4 32. Rg3 Rf4 33. Qc3 Qb1+ 34. Rd1 Qf5 35. Rg1 Re4 36. Qg3 Rf7 37. Rc1 Bc6 0-1

[Event "It Open"]
[Site "St Ingbert"]
[Date "1987.??.??"]
[Round "5"]
[White "Roose, Jan"]
[Black "Bauer, Christian"]
[Result "0-1"]
[WhiteElo "2365"]
[BlackElo "2485"]
[PlyCount "116"]
[EventDate "1987.??.??"]
[Source "www.chesslib.no"]
[SourceDate "2004.05.04"]

1. e4 e5 2. Nc3 Nf6 3. f4 d5 4. fxe5 Nxe4 5. d3 Nxc3 6. bxc3 d4 7. Nf3 Nc6 8. cxd4 Bb4+ 9. Bd2 Bxd2+ 10. Qxd2 Nxd4 11. c3 Nxf3+ 12. gxf3 b6 13. Bg2 Bb7 14. O-O Qd5 15. f4 Qxg2+ 16. Qxg2 Bxg2 17. Kxg2 O-O-O 18. d4 c5 19. Rad1 cxd4 20. cxd4 Rd5 21. Kf3 Kd7 22. Ke4 Ra5 23. Rf2 Rc8 24. Rdd2 Ra3 25. Rc2 Rac3 26. Rxc3 Rxc3 27. f5 Ra3 28. Rd2 g6 29. fxg6 hxg6 30. Rf2 Ke7 31. Rc2 Kd7 32. Kd5 Ra5+ 33. Kc4 Ra4+ 34. Kc3 Ra3+ 35. Kb4 Ra5 36. Rf2 Ke7 37. a3 Rd5 38. Kc4 Ra5 39. Rf3 Ke6 40. Rd3 g5 41. h3 a6 42. Kb4 Kd5 43. a4 Ke4 44. Rd1 Rd5 45. Kc4 b5+ 46. axb5 axb5+ 47. Kc3 Rd7 48. Re1+ Kd5 49. Rb1 Rb7 50. Kd3 b4 51. Rc1 b3 52. Rc5+ Ke6 53. Rc6+ Ke7 54. Rc1 b2 55. Rb1 Ke6 56. Kc4 Rb8 57. Kc5 Rc8+ 58. Kb6 Kd5 0-1

[Event "CZE-ch U18-20"]
[Site "CZE"]
[Date "1999.??.??"]
[Round "4"]
[White "Simacek, Pavel"]
[Black "Cvek, Robert"]
[Result "0-1"]
[WhiteElo "2380"]
[BlackElo "2440"]
[PlyCount "56"]
[EventDate "1999.??.??"]
[Source "www.chesslib.no"]
[SourceDate "2004.05.04"]

1. e4 Nf6 2. Nc3 e5 3. f4 d5 4. fxe5 Nxe4 5. d3 Nxc3 6. bxc3 d4 7. Nf3 Nc6 8. Be2 Be7 9. O-O O-O 10. Bb2 dxc3 11. Bxc3 Be6 12. Qe1 Qd5 13. d4 f6 14. Bb2 Na5 15. Nd2 fxe5 16. c4 Qd6 17. Bc3 b6 18. Bf3 Rae8 19. Ne4 Qa3 20. d5 Bf5 21. Rc1 Nxc4 22. Qg3 Bg6 23. Rfe1 Rf4 24. Bxe5 Rxf3 25. gxf3 Nxe5 26. Rc3 Qxa2 27. f4 Qxd5 28. fxe5 Bxe4 0-1

[Event "Bogota"]
[Site "Bogota COL"]
[Date "1978.??.??"]
[Round "?"]
[White "Cuartas, Carlos E"]
[Black "Szmetan, Jorge"]
[Result "1-0"]
[WhiteElo "2400"]
[BlackElo "2420"]
[PlyCount "81"]
[EventDate "1978.03.??"]
[Source "www.chesslib.no"]
[SourceDate "2004.05.04"]

1. e4 e5 2. Nc3 Nf6 3. f4 d5 4. fxe5 Nxe4 5. d3 Nxc3 6. bxc3 d4 7. Nf3 c5 8. c4 Nc6 9. Be2 Be7 10. O-O O-O 11. Bf4 Be6 12. Qe1 a6 13. Qg3 Kh8 14. Ng5 Bxg5 15. Bxg5 Qc7 16. Bf4 b5 17. Bf3 Rab8 18. cxb5 Rxb5 19. Be4 Ne7 20. Bg5 Re8 21. Bxe7 Qxe7 22. Bc6 Rb2 23. Bxe8 Qxe8 24. Rf2 h6 25. a4 Qb8 26. Qf4 Qb4 27. Qd2 Qxd2 28. Rxd2 a5 29. Rdd1 Bd7 30. Rdc1 Bc6 31. Rab1 Ra2 32. Rb8+ Kh7 33. Rc8 Bxa4 34. Rxc5 Bd7 35. Rd5 Ba4 36. Rc5 Bd7 37. Rc4 a4 38. Rxd4 Bc6 39. Rd6 Ba8 40. Rb6 a3 41. Rbb1 1-0

[Event "SSKK"]
[Site "?"]
[Date "1997.04.15"]
[Round "?"]
[White "Barfoed Erik (DEN)"]
[Black "Huuskonen Veli-Matti (FIN)"]
[Result "0-1"]
[WhiteElo "2420"]
[BlackElo "2400"]
[PlyCount "63"]
[EventDate "1997.??.??"]
[Source "www.chesslib.no"]
[SourceDate "2004.05.04"]

1. e4 e5 2. Nc3 Nf6 3. f4 d5 4. fxe5 Nxe4 5. d3 Nxc3 6. bxc3 Nc6 7. Nf3 d4 8. cxd4 Bb4+ 9. Bd2 Bxd2+ 10. Kxd2 Nxd4 11. c3 Nxf3+ 12. Qxf3 O-O 13. Be2 f6 14. exf6 Rxf6 15. Qe3 Bf5 16. Rhf1 Re6 17. Qg3 Qe7 18. Bh5 Qa3 19. Bf7+ Kxf7 20. Rxf5+ Kg8 21. Rb5 Rf8 22. Qg4 Ref6 23. Qd4 Rf2+ 24. Ke3 Qa6 25. Rg5 Qh6 26. h4 c6 27. Qg4 c5 28. Qc4+ R8f7 29. Re1 b5 30. Qe4 Qf6 31. Re5 Rf8 32. g3 0-1

[Event "CSR Ch"]
[Site "Trinec CZE"]
[Date "1988.??.??"]
[Round "3"]
[White "Tibensky, Robert"]
[Black "Gazik, Igor"]
[Result "1-0"]
[WhiteElo "2390"]
[BlackElo "2420"]
[PlyCount "79"]
[EventDate "1988.08.??"]
[Source "www.chesslib.no"]
[SourceDate "2004.05.04"]

1. e4 Nf6 2. Nc3 e5 3. f4 d5 4. fxe5 Nxe4 5. d3 Nxc3 6. bxc3 d4 7. Nf3 Nc6 8. cxd4 Nxd4 9. c3 Nxf3+ 10. Qxf3 Be7 11. d4 O-O 12. Bc4 Be6 13. d5 Bc5 14. g3 Bh3 15. Bf4 Qd7 16. Bd3 Rad8 17. Be4 Rfe8 18. Qd3 f5 19. Bf3 g5 20. Bxg5 Rxe5+ 21. Kd2 Rde8 22. Rhe1 Bg4 23. Rxe5 Rxe5 24. Bf4 Be3+ 25. Bxe3 Bxf3 26. c4 Qa4 27. Qb3 Qa5+ 28. Kc2 b5 29. Rf1 Be2 30. Bd2 Qb6 31. Qb2 Re4 32. Rf4 bxc4 33. Rxe4 Bd3+ 34. Kc3 Qf6+ 35. Rd4 Qa6 36. Qb8+ Kg7 37. Qxc7+ Kg8 38. Qd8+ Kg7 39. Qd7+ Kg8 40. Qe6+ 1-0

[Event "Kuban Spring"]
[Site "?"]
[Date "2002.04.??"]
[Round "?"]
[White "Stambulian Arsen"]
[Black "Bryzgalin Kirill"]
[Result "1/2-1/2"]
[WhiteElo "2411"]
[BlackElo "2396"]
[PlyCount "61"]
[EventDate "2002.??.??"]
[Source "www.chesslib.no"]
[SourceDate "2004.05.04"]

1. e4 e5 2. Nc3 Nf6 3. f4 d5 4. fxe5 Nxe4 5. d3 Nxc3 6. bxc3 Be7 7. d4 c5 8. Nf3 Nc6 9. Be2 O-O 10. O-O Bf5 11. Rb1 cxd4 12. cxd4 Qc8 13. Bd2 Be4 14. Rb2 f6 15. exf6 Bxf6 16. c3 Qd7 17. Qa4 Rae8 18. Be1 Re7 19. Qb3 Rfe8 20. Bg3 a6 21. Qb6 Bg6 22. Rf2 Re3 23. Ne5 Bxe5 24. dxe5 Rxc3 25. Qxb7 Qxb7 26. Rxb7 Nxe5 27. Bxe5 Rxe5 28. Rb8+ Re8 29. Rxe8+ Bxe8 30. Bxa6 Ra3 31. Bb7 1/2-1/2

[Event "Kstovo op"]
[Site "Kstovo"]
[Date "1994.??.??"]
[Round "1"]
[White "Noskov, Anatolij"]
[Black "Varavin, Viktor"]
[Result "0-1"]
[WhiteElo "2290"]
[BlackElo "2510"]
[PlyCount "60"]
[EventDate "1994.08.??"]
[Source "ChessBase"]

1. e4 e5 2. Nc3 Nf6 3. f4 d5 4. fxe5 Nxe4 5. d3 Nxc3 6. bxc3 c5 7. Nf3 d4 8. Be2 h6 9. O-O Nc6 10. Qe1 Be6 11. cxd4 cxd4 12. c4 dxc3 13. Qxc3 Bb4 14. Qb2 Qa5 15. Be3 O-O 16. d4 Bc3 17. Qxb7 Bd5 18. Qd7 Bxa1 19. Rxa1 Rad8 20. Qf5 Bxf3 21. Bd3 g6 22. Qxf3 Nxe5 23. Qe4 Rfe8 24. Bf2 Qc3 25. Rd1 f5 26. Qh4 Nxd3 27. Qxh6 Ne5 28. Rf1 Rxd4 29. h4 Rg4 30. h5 Qh3 0-1

[Event "Bath zt"]
[Site "Bath"]
[Date "1987.??.??"]
[Round "?"]
[White "Delaney, John"]
[Black "Hodgson, Julian M"]
[Result "0-1"]
[WhiteElo "2280"]
[BlackElo "2520"]
[PlyCount "106"]
[EventDate "1987.02.??"]
[Source "ChessBase"]

1. e4 e5 2. Nc3 Nf6 3. f4 d5 4. fxe5 Nxe4 5. d3 Nxc3 6. bxc3 d4 7. Nf3 Nc6 8. cxd4 Bb4+ 9. Bd2 Bxd2+ 10. Qxd2 Nxd4 11. c3 Nxf3+ 12. gxf3 O-O 13. O-O-O Qd5 14. d4 c5 15. Rg1 g6 16. c4 Qxd4 17. Qxd4 cxd4 18. Rxd4 Be6 19. Be2 Rac8 20. Kd2 Rc5 21. Rb1 b6 22. Rb5 Rfc8 23. a4 Kf8 24. f4 Ke7 25. Ke3 R8c7 26. h4 Bd7 27. Rb4 Bc6 28. Rd6 Ra5 29. Bd1 Bd7 30. Rd5 Rac5 31. Be2 f6 32. Rxc5 Rxc5 33. Kd4 Bc6 34. h5 Ke6 35. hxg6 hxg6 36. Bg4+ f5 37. Bd1 g5 38. fxg5 Rxe5 39. Rb2 Re4+ 40. Kd3 Re1 41. Bb3 Ke5 42. a5 Rg1 43. axb6 axb6 44. Rh2 Rg3+ 45. Kc2 f4 46. Rh6 Be4+ 47. Kb2 f3 48. Bd1 f2 49. Be2 Re3 50. Bf1 Re1 51. Bh3 Bf5 52. Bg2 Rg1 53. Rh2 Rxg2 0-1

[Event "Corr"]
[Site "?"]
[Date "2000.05.20"]
[Round "?"]
[White "Toth Gyula"]
[Black "Costa Fernando V.L.S.(POR"]
[Result "1/2-1/2"]
[WhiteElo "2447"]
[BlackElo "2351"]
[PlyCount "74"]
[EventDate "2000.??.??"]
[Source "www.chesslib.no"]
[SourceDate "2004.05.04"]

1. e4 e5 2. Nc3 Nf6 3. f4 d5 4. fxe5 Nxe4 5. d3 Nxc3 6. bxc3 d4 7. Nf3 dxc3 8. d4 Be6 9. Bd3 Be7 10. O-O Nc6 11. Be4 Bd5 12. Bxd5 Qxd5 13. Qd3 O-O-O 14. Be3 f6 15. Qxc3 Rhe8 16. Rab1 fxe5 17. dxe5 Qxa2 18. Nd4 Nxd4 19. Bxd4 Qa3 20. Rb3 Qa4 21. Bf2 Rd5 22. Ra1 Qd7 23. Re1 Rd1 24. Rb1 Rxb1 25. Rxb1 b6 26. Re1 Bg5 27. Bg3 Re6 28. Qf3 Kb8 29. Rd1 Qe7 30. c3 g6 31. h3 Qc5+ 32. Kh1 Qc6 33. Qf7 Re7 34. Qf8+ Kb7 35. h4 Re8 36. Qf7 Re7 37. Qf8 Re8 1/2-1/2

[Event "Geneve Open"]
[Site "Geneva SUI"]
[Date "1993.??.??"]
[Round "6"]
[White "Atlas, Dimitry"]
[Black "Godena, Michele"]
[Result "1/2-1/2"]
[WhiteElo "2310"]
[BlackElo "2485"]
[PlyCount "70"]
[EventDate "1993.01.??"]
[Source "www.chesslib.no"]
[SourceDate "2004.05.04"]

1. e4 e5 2. Nc3 Nf6 3. f4 d5 4. fxe5 Nxe4 5. d3 Nxc3 6. bxc3 d4 7. Nf3 c5 8. Be2 Nc6 9. O-O Be7 10. Qe1 Bf5 11. Qg3 Bg6 12. cxd4 Nxd4 13. Nxd4 Qxd4+ 14. Be3 Qa4 15. Rab1 b6 16. d4 O-O 17. d5 Qxc2 18. Bf3 Rae8 19. Bf4 Qxa2 20. Ra1 Qc4 21. d6 Bd8 22. Bc6 Re6 23. Rxa7 b5 24. Rc1 Qd4+ 25. Qf2 Qxf2+ 26. Kxf2 Bd3 27. Rb7 g5 28. Bg3 h5 29. h3 h4 30. Bh2 Bc4 31. Bd7 Rg6 32. Bxb5 Bd5 33. Rb8 g4 34. hxg4 Rxg4 35. Rxc5 Rxg2+ 1/2-1/2

[Event "Czestochowa"]
[Site "Czestochowa"]
[Date "1981.??.??"]
[Round "11"]
[White "Pinkas, Karol"]
[Black "Szymczak, Zbigniew"]
[Result "1-0"]
[WhiteElo "2395"]
[BlackElo "2395"]
[PlyCount "49"]
[EventDate "1981.08.??"]
[Source "ChessBase"]

1. e4 e5 2. Nc3 Nf6 3. f4 d5 4. fxe5 Nxe4 5. d3 Nxc3 6. bxc3 d4 7. Nf3 c5 8. c4 Be7 9. Be2 O-O 10. O-O Nc6 11. Qe1 f6 12. exf6 Bxf6 13. Qg3 Qe8 14. Bg5 Bxg5 15. Nxg5 Rxf1+ 16. Rxf1 h6 17. Ne4 Kh8 18. Bh5 Qg8 19. Bf7 Qh7 20. Nd6 g5 21. Bd5 Qe7 22. Rf7 Qe2 23. Rf8+ Kh7 24. h3 Nb4 25. Be4+ 1-0

[Event "Eurodata"]
[Site "Budapest HUN"]
[Date "1992.??.??"]
[Round "11"]
[White "David, Alberto"]
[Black "Godena, Michele"]
[Result "1/2-1/2"]
[WhiteElo "2365"]
[BlackElo "2425"]
[PlyCount "23"]
[EventDate "1992.10.??"]
[Source "www.chesslib.no"]
[SourceDate "2004.05.04"]

1. e4 e5 2. Nc3 Nf6 3. f4 d5 4. fxe5 Nxe4 5. d3 Nxc3 6. bxc3 d4 7. Nf3 c5 8. Be2 Nc6 9. O-O Be7 10. Qe1 Bf5 11. Qg3 Bg6 12. Rb1 1/2-1/2

[Event "Royan Open"]
[Site "Royan"]
[Date "1989.??.??"]
[Round "2"]
[White "Lukez, Franko"]
[Black "Hebden, Mark L"]
[Result "1-0"]
[WhiteElo "2330"]
[BlackElo "2455"]
[PlyCount "73"]
[EventDate "1989.06.??"]
[Source "www.chesslib.no"]
[SourceDate "2004.05.04"]

1. e4 e5 2. Nc3 Nf6 3. f4 d5 4. fxe5 Nxe4 5. d3 Nxc3 6. bxc3 d4 7. Nf3 Nc6 8. Be2 Bc5 9. O-O dxc3+ 10. Kh1 O-O 11. Qe1 Nd4 12. Qxc3 b6 13. Qd2 Bb7 14. Bb2 Qd7 15. Rae1 Nxe2 16. Rxe2 Qg4 17. Ng5 Rad8 18. h3 Qa4 19. Rf4 Qxa2 20. Bc3 Be7 21. Rg4 h5 22. Rg3 Qa4 23. Ne4 Bxe4 24. e6 Bg6 25. exf7+ Rxf7 26. Rxg6 Bf8 27. Be5 c5 28. Qg5 Rxd3 29. Rh6 Rd1+ 30. Kh2 Qd7 31. Rxh5 Rff1 32. Qh4 Bd6 33. Rh8+ Kf7 34. Qh5+ Ke6 35. Bf4+ Kf6 36. Rf8+ Bxf8 37. Bg5+ 1-0

[Event "Trencianske Teplice"]
[Site "Trencianske Teplice"]
[Date "1974.??.??"]
[Round "1"]
[White "Pavlov, Mircea"]
[Black "Vogt, Lothar"]
[Result "0-1"]
[WhiteElo "2355"]
[BlackElo "2430"]
[PlyCount "42"]
[EventDate "1974.??.??"]
[Source "ChessBase"]

1. e4 e5 2. Nc3 Nf6 3. f4 d5 4. fxe5 Nxe4 5. d3 Nxc3 6. bxc3 d4 7. Nf3 Nc6 8. Be2 Bc5 9. O-O dxc3+ 10. Kh1 O-O 11. Qe1 Nd4 12. Bd1 f6 13. Bf4 Bb6 14. Rb1 Qd5 15. exf6 Rxf6 16. Be5 Re6 17. Qg3 Rg6 18. Qh4 Nf5 19. Qh5 Ne3 20. Rb5 Qf7 21. Re1 Bg4 0-1

[Event "Corr"]
[Site "?"]
[Date "2000.05.20"]
[Round "?"]
[White "Toth Gyula"]
[Black "Eilmes Don P.(USA)"]
[Result "1/2-1/2"]
[WhiteElo "2447"]
[BlackElo "2337"]
[PlyCount "60"]
[EventDate "2000.??.??"]
[Source "www.chesslib.no"]
[SourceDate "2004.05.04"]

1. e4 e5 2. Nc3 Nf6 3. f4 d5 4. fxe5 Nxe4 5. d3 Nxc3 6. bxc3 d4 7. Nf3 Nc6 8. cxd4 Bb4+ 9. Bd2 Bxd2+ 10. Qxd2 Nxd4 11. c3 Nxf3+ 12. gxf3 f6 13. O-O-O fxe5 14. Re1 O-O 15. Rxe5 Rxf3 16. d4 Qf8 17. Bc4+ Kh8 18. Kb2 Bd7 19. Rhe1 Re8 20. R1e2 c6 21. Bb3 c5 22. Bc2 Rxe5 23. Rxe5 Rf2 24. Re2 Rxe2 25. Qxe2 Qd6 26. dxc5 Qxc5 27. Qe4 Qb5+ 28. Ka1 Qf1+ 29. Kb2 Qb5+ 30. Ka3 Qa6+ 1/2-1/2

[Event "Wch U20"]
[Site "Gausdal NOR"]
[Date "1986.??.??"]
[Round "11"]
[White "Blatny, Pavel"]
[Black "Bareev, Evgeny I"]
[Result "0-1"]
[WhiteElo "2415"]
[BlackElo "2365"]
[PlyCount "52"]
[EventDate "1986.08.??"]
[Source "www.chesslib.no"]
[SourceDate "2004.05.04"]

1. e4 e5 2. Nc3 Nf6 3. f4 d5 4. fxe5 Nxe4 5. d3 Nxc3 6. bxc3 d4 7. Nf3 c5 8. Be2 Be7 9. O-O O-O 10. cxd4 cxd4 11. c3 Nc6 12. c4 Bf5 13. Bf4 f6 14. Rb1 Qc7 15. exf6 Qxf4 16. fxe7 Qe3+ 17. Kh1 Qxe7 18. Nd2 Rae8 19. Ne4 Ne5 20. Qb3 Bxe4 21. dxe4 Kh8 22. Rfd1 Rf2 23. Bf1 Ref8 24. Kg1 d3 25. Rxd3 Qc5 26. Re3 Ng4 0-1

[Event "Hillerod"]
[Site "Hillerod"]
[Date "1980.??.??"]
[Round "1"]
[White "Iskov, Gert"]
[Black "Brinck Claussen, Bjorn"]
[Result "1-0"]
[WhiteElo "2400"]
[BlackElo "2370"]
[PlyCount "122"]
[EventDate "1980.??.??"]
[Source "ChessBase"]

1. e4 e5 2. Nc3 Nf6 3. f4 d5 4. fxe5 Nxe4 5. d3 Nxc3 6. bxc3 d4 7. Nf3 Nc6 8. cxd4 Bb4+ 9. Bd2 Bxd2+ 10. Qxd2 Nxd4 11. c3 Nxf3+ 12. gxf3 Qh4+ 13. Qf2 Qf4 14. Qg3 Qe3+ 15. Be2 O-O 16. f4 Qb6 17. d4 Qb2 18. Kf2 Bf5 19. Rhg1 g6 20. Qe3 Rad8 21. Rgd1 c5 22. Qd2 Qb6 23. d5 f6 24. Kg1 g5 25. Bc4 Kh8 26. d6 Rde8 27. exf6 Re4 28. d7 Bxd7 29. Qxd7 Qxf6 30. Qd3 Qxf4 31. Rf1 Qg4+ 32. Kh1 Rfe8 33. Qd6 Rf4 34. Rxf4 Qxf4 35. Qxf4 gxf4 36. Kg2 Re3 37. Rc1 Kg7 38. Rc2 Kf6 39. Be2 b6 40. Bf3 h6 41. c4 Ra3 42. h4 a6 43. Rb2 b5 44. cxb5 axb5 45. Rxb5 Rxa2+ 46. Kh3 Ra7 47. Rxc5 Kg7 48. Kg4 Rf7 49. Bd5 Rf6 50. Rc7+ Kh8 51. h5 Rd6 52. Be4 Rf6 53. Kf3 Kg8 54. Rh7 Re6 55. Bg6 Rf6 56. Rxh6 Rf8 57. Rh7 Rf6 58. Ra7 Kh8 59. Be4 Kg8 60. Kg4 Rf8 61. Ra5 Kg7 1-0

[Event "Akureyri"]
[Site "Akureyri"]
[Date "1994.??.??"]
[Round "?"]
[White "Thorhallsson, Throstur"]
[Black "Thorhallsson, Gylfi"]
[Result "0-1"]
[WhiteElo "2470"]
[BlackElo "2295"]
[PlyCount "96"]
[EventDate "1994.02.??"]
[Source "ChessBase"]

1. e4 e5 2. Nc3 Nf6 3. f4 d5 4. fxe5 Nxe4 5. d3 Nxc3 6. bxc3 d4 7. Nf3 c5 8. Be2 Nc6 9. O-O Be7 10. Qe1 dxc3 11. Qxc3 O-O 12. Be3 Qd5 13. Rae1 Be6 14. a3 Rac8 15. Qb2 Nd4 16. Bd1 b6 17. Kh1 Nf5 18. Bg5 c4 19. Bxe7 Nxe7 20. Be2 c3 21. Qb4 Ng6 22. d4 Rfd8 23. Bd3 Qd7 24. Re3 Rc7 25. Bxg6 hxg6 26. Rxc3 Rxc3 27. Qxc3 Rc8 28. Qd2 Qc6 29. Ne1 Bd5 30. Qf4 Qc3 31. Qg4 Rc4 32. Nd3 Rxd4 33. Qe2 Qxa3 34. Nf4 Bc4 35. Qf2 Rxf4 36. Qxf4 Bxf1 37. Qxf1 Qc3 38. e6 fxe6 39. Qd1 Kh7 40. h3 Qf6 41. Qd7 a6 42. Qd6 e5 43. Qd3 b5 44. Kg1 Qf4 45. Qa3 e4 46. Qxa6 e3 47. Qb6 e2 48. Qf2 Qc1+ 0-1

[Event "Tch (Men) 2005/2006 AUT"]
[Site "?"]
[Date "2005.10.08"]
[Round "1"]
[White "Westermeier Arnulf"]
[Black "Volke Karsten"]
[Result "1/2-1/2"]
[WhiteElo "2289"]
[BlackElo "2473"]
[PlyCount "99"]
[EventDate "2005.??.??"]
[Source "www.chesslib.no"]
[SourceDate "2004.05.04"]

1. e4 e5 2. Nc3 Nf6 3. f4 d5 4. fxe5 Nxe4 5. d3 Nxc3 6. bxc3 d4 7. Nf3 Nc6 8. cxd4 Bb4+ 9. Bd2 Bxd2+ 10. Qxd2 Nxd4 11. c3 Nxf3+ 12. gxf3 Qd5 13. Qe3 Bf5 14. Rg1 g6 15. f4 O-O 16. d4 c5 17. Bg2 cxd4 18. cxd4 Qa5+ 19. Qd2 Qd8 20. Rc1 Qh4+ 21. Qf2 Qe7 22. Qe3 f6 23. Kf2 fxe5 24. dxe5 Be6 25. Kg3 Rad8 26. Rgd1 b6 27. a3 Rxd1 28. Rxd1 Rd8 29. Rxd8+ Qxd8 30. Bf3 Qc7 31. Qd4 Kg7 32. h4 Qd7 33. Qb4 Qd8 34. Qc3 Kf7 35. Qc6 Qe7 36. Qc3 a5 37. Qd3 Kg7 38. Qe3 Kf8 39. Qd3 Bf5 40. Qc3 Qd8 41. Qc6 Kg7 42. h5 g5 43. h6+ Kf8 44. Qd6+ Qxd6 45. exd6 g4 46. Bxg4 Bxg4 47. Kxg4 b5 48. Kf5 Kf7 49. Ke5 b4 50. axb4 1/2-1/2

[Event "Ibercaja Open"]
[Site "Zaragoza"]
[Date "1994.??.??"]
[Round "4"]
[White "Glavina Rossi, Pablo"]
[Black "Paramos Dominguez, Roberto"]
[Result "1-0"]
[WhiteElo "2395"]
[BlackElo "2365"]
[PlyCount "69"]
[EventDate "1994.04.??"]
[Source "www.chesslib.no"]
[SourceDate "2004.05.04"]

1. e4 e5 2. Nc3 Nf6 3. f4 d5 4. fxe5 Nxe4 5. d3 Nxc3 6. bxc3 d4 7. Nf3 Nc6 8. Be2 Be7 9. O-O O-O 10. Bf4 Be6 11. Qe1 dxc3 12. Qg3 Nd4 13. Nxd4 Qxd4+ 14. Be3 Qh4 15. Qxh4 Bxh4 16. Bf3 c6 17. Rfb1 b6 18. Bxc6 Rac8 19. Be4 Rfd8 20. a4 Be7 21. a5 Bc5 22. Kf2 Bd5 23. Bf5 Be6 24. Bxe6 fxe6 25. axb6 axb6 26. Ra4 Rc6 27. d4 Be7 28. Ke2 Rd5 29. Ra8+ Kf7 30. Ra7 Ke8 31. Rb7 Bd8 32. Rxg7 b5 33. Rxh7 Bb6 34. Kd3 Rc4 35. Rxb5 1-0

[Event "Zala Volan"]
[Site "Keszthely Zala Volan"]
[Date "1995.??.??"]
[Round "?"]
[White "Horvath, Tamas"]
[Black "Boguszlavszkij, Jevgenyij"]
[Result "1/2-1/2"]
[WhiteElo "2410"]
[BlackElo "2350"]
[PlyCount "125"]
[EventDate "1995.??.??"]
[Source "www.chesslib.no"]
[SourceDate "2004.05.04"]

1. e4 e5 2. Nc3 Nf6 3. f4 d5 4. fxe5 Nxe4 5. d3 Nxc3 6. bxc3 d4 7. Nf3 Nc6 8. Be2 Bc5 9. O-O O-O 10. Qe1 dxc3+ 11. Kh1 Nd4 12. Bd1 Nxf3 13. Bxf3 Rb8 14. Qg3 Kh8 15. Be4 Be7 16. Bf4 Be6 17. Qf3 b5 18. Be3 c5 19. Qh5 g6 20. Qh6 Qc7 21. Rf3 Rbd8 22. Raf1 Kg8 23. Rf5 Bxf5 24. Rxf5 f6 25. Rh5 Rf7 26. Bxg6 Bf8 27. Bxf7+ Qxf7 28. Rg5+ fxg5 29. Qxg5+ Qg7 30. Qxd8 Qxe5 31. Bf2 Kf7 32. Qd7+ Kg6 33. Qg4+ Qg5 34. Qe4+ Qf5 35. Qe8+ Kg7 36. Kg1 Bd6 37. h3 Qf4 38. Qe3 Qxe3 39. Bxe3 a5 40. Kf2 Kf6 41. Kf3 Ke5 42. Bh6 b4 43. Bg7+ Kd5 44. g4 a4 45. Ke2 Be5 46. Bf8 Bd6 47. Bg7 Ke6 48. d4 Kd5 49. dxc5 Bxc5 50. Kd3 Be7 51. Bh8 Bg5 52. Bg7 Be7 53. Bd4 Ke6 54. Bf2 Kf7 55. h4 Kg6 56. Kc4 h5 57. g5 Bd6 58. Kd3 Kf5 59. Be1 Bf8 60. Bf2 Be7 61. Bd4 Bd6 62. Bf2 Bf8 63. Bd4 1/2-1/2